000 00681cam a22002413a 4500
001 25157
003 PGUSA
005 20140828083536.0
008 080424s2008||||xxu|||||s|||||000 | eng d
040 _aPGUSA
_beng
042 _adc
050 4 _aQA
100 1 _aLie, Sophus,
_d1842-1899
245 1 0 _aÜber Integralinvarianten und Differentialgleichungen
_h[electronic resource] /
_cSophus Lie
260 _bProject Gutenberg,
_c2008
506 _aPublic domain in the USA.
516 _aElectronic text
653 _aDifferential equations
653 _aIntegrals
830 0 _aProject Gutenberg
_v25157
856 4 0 _uhttp://www.gutenberg.org/ebooks/25157
942 _cEB
999 _c254412
_d254412